000 00418nam a2200145 i 4500
001 bg
245 0 _aĆwiczenia z laboratorium maszynowego Politechniki Gdańskiej :
_bpraca zbiorowa /
_cpod red. W. Wasiluka.
260 _aGdańsk,
_c1974.
700 1 _aWasiluk, Wiktor.
_eRed.
040 _cBPK
041 _apol
080 _a621.1+621.4/.6](075.8)(076)
942 _cKS
008 s pl f |000 0 pol
999 _c26495
_d26495
856 _uhttp://koha.tu.koszalin.pl/cgi-bin/koha/opac-detail.pl?biblionumber=26495
_yKatalog online BPK